Man City Quiz - Statistics

General Stats
  • This quiz has been taken 17 times
  • The average score is 7 of 15
Answer Stats
Question Answer % Correct
What is Manchester City's stadium called? Etihad Stadium
93%
What was Manchester City's original stadium called? Maine Road
87%
Who is Manchester City's all time top assister? Kevin Debruyne
80%
Who scored the goal to win Manchester City their first Premier League title? Sergio Aguero
80%
How many Champions Leagues have Manchester City won? 1
67%
Who is Manchester City's all time top goalscorer? Sergio Aguero
60%
What is the nickname for Manchester City's 100 point Premier League winning squad? The Centurions
60%
Who was the manager when Manchester City won their first Premier League title? Roberto Mancini
53%
What was Manchester City's original name? St. Mark's
47%
How many league titles has Manchester City won? 10
20%
What year was Manchester City founded? 1880
20%
What year did Manchester City get named Manchester City? 1894
20%
How many FA Cups has Manchester City won? 7
20%
How many Community Shields have Manchester City won? 7
20%
How many Carabao Cups have Manchester City won? 9
20%
No matching quizzes found
Score Distribution
Percent of People with Each Score
Percentile by Number Answered
Your Score History
You have not taken this quiz